000 00245nam a2200097Ia 4500
001 729296
005 20250826163525.0
008 250824s9999 xx 000 0 und d
245 0 _aRUHUNU HARAMDAN SAKIN
_cMERVE ÖZCAN
260 _bPORTAKAL YAYINLARI
999 _c729296
_d729296